000 01186 a2200265 4500
005 20260305165905.0
008 260109b |||||||| |||| 00| 0 eng d
020 _a9789352661251
037 _cTB
040 _aCRL
_cCRL
041 _2hin
_ahin
084 _aO157,1M38,VMv 152R4
_qCRL
100 _aसबनीस, मिलिंद प्रभाकर
_9859301
245 _aवंदे मातरम्
_b/ मिलिंद प्रभाकर सबनीस
260 _aनई दिल्ली, भारत:
_bप्रभात प्रकाशन,
_c2024.
300 _a181पृ.
365 _b600.00
_cINR
546 _aTranslated from Bengali to Hindi
650 _aबंगाली साहित्य
650 _aबकिंचन्द्र
_91123618
650 _aवंदे मातरम
_91123619
700 _aसबनीस, मिलिंद प्रभाकर
_eसंपादक
_9863397
942 _cTB
_2CC
_n0
_hO157,1M38,VMv 152R4
999 _c1466506
_d1466506